000 00489nam a2200181Ia 4500
003 GCL
008 140319s9999 xx 000 0 ara d
040 _aGCL /
_cGCL
082 0 4 _a833.008
_bد ح
100 1 _aديبرون، غوننز
245 1 0 _aالحمار رواية /
_cديبرون، غوننز
300 _a226 ص
490 _a
650 0 4 _aالادب
650 0 4 _aالادب الالمانى
650 0 4 _aالادب الالمانى المترجم
942 _2ddc
_cBK
999 _c40782
_d40782